Obálka Náhled e-knihy:
PDF
Pro půjčování e-knih musíte být přihlášeni.
Jak si půjčit online?

AutoCAD : názorný průvodce pro verze 2017 a 2018 /

Průvodce novou verzí (2018) grafického programu AutoCad, seznamuje se všemi důležitými funkcemi, které slouží pro tvorbu 2D výkresové dokumentace. Lze využít pro libovolnou verzi AutoCadu.

Uloženo v:
Hlavní autor: Spielmann, Michal (Autor)
Další autoři: Špaček, Jiří, 1980- (Autor)
Médium: E-kniha
Jazyk:Czech
Vydáno: Brno : Computer Press, 2017
Vydání:1. vydání
Témata:
Tagy:
Žádné tagy
LEADER 02383nam a2200553 i 4500
001 310840
003 CZ PrSKC
005 20260601215655.0
007 ta
008 171109s2017 xr a e f 001 0 cze
015 |a cnb002954333 
020 |a 9788025148877  |q (vázáno) :  |c Kč 499,00 
035 |a (OCoLC)1022779877 
040 |a BOA001  |b cze  |d OLA001  |d ABA001  |e rda 
072 7 |a 004.9  |x Speciální počítačové metody. Počítačová grafika  |2 Konspekt 
080 |a 004.42AutoCAD  |2 MRF 
080 |a 004.9:658.512.2  |2 MRF 
080 |a 744.4  |2 MRF 
080 |a 004.92:658.512.2  |2 MRF 
080 |a (035)  |2 MRF 
100 1 |a Spielmann, Michal  |7 mzk2005289903  |4 aut 
245 1 0 |a AutoCAD :  |b názorný průvodce pro verze 2017 a 2018 /  |c Michal Spielmann, Jiří Špaček 
250 |a 1. vydání 
264 1 |a Brno :  |b Computer Press,  |c 2017 
300 |a 535 stran :  |b ilustrace ;  |c 24 cm 
336 |a text  |b txt  |2 rdacontent 
337 |a bez média  |b n  |2 rdamedia 
338 |a svazek  |b nc  |2 rdacarrier 
500 |a Obsahuje rejstřík 
520 2 |a Průvodce novou verzí (2018) grafického programu AutoCad, seznamuje se všemi důležitými funkcemi, které slouží pro tvorbu 2D výkresové dokumentace. Lze využít pro libovolnou verzi AutoCadu. 
650 0 7 |a AutoCAD 2017 (software)  |7 ph975332  |2 czenas 
650 0 7 |a AutoCAD 2018 (software)  |7 ph975333  |2 czenas 
650 0 7 |a CAD software  |7 ph294108  |2 czenas 
650 0 7 |a technické kreslení  |7 ph116408  |2 czenas 
650 0 7 |a počítačem podporované navrhování  |7 ph116957  |2 czenas 
650 0 9 |a AutoCAD 2017  |2 eczenas 
650 0 9 |a AutoCAD 2018  |2 eczenas 
650 0 9 |a CAD software  |2 eczenas 
650 0 9 |a technical drawing  |2 eczenas 
650 0 9 |a computer-aided design  |2 eczenas 
655 7 |a příručky  |7 fd133209  |2 czenas 
655 9 |a handbooks and manuals  |2 eczenas 
700 1 |a Špaček, Jiří,  |d 1980-  |7 mzk2005289904  |4 aut 
900 |a ABA001  |b 19 
928 9 |a Albatros Media - Computer Press 
044 |a xr 
910 |a RBIT002 
998 |d 176379  |a https://core.palmknihy.cz/api/books/176379/cover?pfb5qk  |b https://core.palmknihy.cz/api/books/176379/cover/400?hxga3l  |c https://core.palmknihy.cz/api/books/176379/cover/50?m1izi1  |e 3999-12-31  |g 536  |i 9788025148877  |k https://core.palmknihy.cz/api/books/176379/preview.pdf  |l   |q 49  |r 1  |s https://www.palmknihy.cz/kniha/176379  |t ebook  |y 2017  |z 0 
999 |d 310838